LEADER 00984nam0 22002411i 450 001 VAN00028024 005 20240806100337.162 100 $a20041117d1986 |0itac50 ba 101 $aita 102 $aIT 105 $a|||| ||||| 200 1 $aˆLa ‰città del levante$eciviltà urbana e architettura sotto gli Ottomani nei secoli 18.-19. / Maurice Cerasi 210 $aMilano$cJaca book$d1986 215 $a333 p., [24] c. di tav.$cill.$d23 cm. 620 $dMilano$3VANL000284 700 1$aCerasi$bMaurice$3VANV023289$0334283 712 $aJaca book $3VANV107918$4650 801 $aIT$bSOL$c20250117$gRICA 899 $aBIBLIOTECA DEL DIPARTIMENTO DI ARCHITETTURA E DISEGNO INDUSTRIALE$1IT-CE0107$2VAN01 912 $aVAN00028024 950 $aBIBLIOTECA DEL DIPARTIMENTO DI ARCHITETTURA E DISEGNO INDUSTRIALE$d01PREST IBa75(5) $e01 929 20050614 996 $aCittà del Levante$9810643 997 $aUNICAMPANIA